Loading...
| Philosophy | 1 | 6 | 3 | 1 | 60 | 84 | 104.29 | 1 | 5 | 10.54 | 38.92 |
| Literature - World | 0 | 6 | 0 | 1 | 60 | 123 | 136.33 | 0 | 1 | 4.29 | 13.31 |
| Literature - European | 0 | 5 | 0 | 0 | 50 | 122 | 133.60 | 0 | 0 | 2.53 | 10.21 |
| Literature - American | 1 | 2 | 0 | 0 | 35 | 67 | 113.67 | 0 | 1 | 4.76 | 12.82 |
| Visual Arts | 0 | 4 | 1 | 0 | 35 | 87 | 107.25 | 0 | 1 | 6.52 | 18.29 |
| History - American | 1 | 2 | 0 | 0 | 35 | 57 | 99.67 | 0 | 0 | 5.29 | 7.94 |
| Literature - British | 0 | 3 | 0 | 0 | 30 | 124 | 130.00 | 0 | 1 | 2.60 | 10.71 |
| Beliefs | 0 | 3 | 1 | 0 | 25 | 84 | 97.00 | 0 | 1 | 4.36 | 7.50 |
| History - European | 0 | 2 | 0 | 1 | 20 | 111 | 119.50 | 0 | 0 | 1.53 | 4.17 |
| Fine Arts - Classical Music and Opera | 0 | 2 | 1 | 0 | 15 | 104 | 119.50 | 0 | 0 | 1.54 | 7.52 |
| Other Academic | 0 | 1 | 0 | 0 | 10 | 85 | 85.00 | 0 | 1 | 5.02 | 11.69 |
| History - Other | 0 | 1 | 0 | 0 | 10 | 108 | 108.00 | 0 | 0 | 3.64 | 8.33 |
| History - Ancient | 0 | 1 | 0 | 0 | 10 | 127 | 127.00 | 0 | 0 | 0.17 | 3.70 |
| Science - Biology | 0 | 1 | 0 | 1 | 10 | 131 | 131.00 | 0 | 0 | 0.11 | 2.60 |
| Fine Arts - Other Arts | 0 | 1 | 1 | 0 | 5 | 94 | 94.00 | 0 | 0 | 1.73 | 3.57 |
| Social Science | 0 | 1 | 2 | 1 | 0 | 104 | 104.00 | 0 | 0 | 0.67 | 2.27 |
| History - World | 0 | 0 | 1 | 0 | -5 | 0.00 | 0 | 0 | 0.00 | 0.00 | |
| Science - Other | 0 | 0 | 1 | 0 | -5 | 0.00 | 0 | 0 | 0.00 | 0.00 |